[Event "RUS-Cup2"]
[Site "Moscow"]
[Date "1996.??.??"]
[Round "3"]
[White "Yegiazarian, Arsen"]
[Black "Sokolov, Andrei"]
[Result "0-1"]
[WhiteElo "2455"]
[BlackElo "2585"]

1.d4 Nf6 2.Nf3 e6 3.c4 b6 4.g3 Ba6 5.b3 Bb4+ 6.Bd2 Be7 7.Bg2 O-O 8.O-O d5
9.Ne5 Bb7 10.Nc3 Nbd7 11.Bf4 c5 12.cxd5 Nxe5 13.d6 Bxg2 14.dxe7 Qxe7 15.Kxg2 Ng6
16.Bg5 Rfd8 17.e3 h6 18.Bxf6 Qxf6 19.Ne2 e5 20.d5 e4 21.Rc1 Qf3+ 22.Kg1 Ne5
23.Nc3 f5 24.Qxf3 Nxf3+ 25.Kg2 Rd7 26.h3 Kf7 27.Rfd1 Rad8 28.Rc2 h5 29.a3 g6
30.Rb2 Ne5 31.Rbd2 a6 32.a4 Nf3 33.Rc2 Ne5 34.Rcd2 Nf3 35.Rc2 a5 36.Rcc1 Kf6
37.h4 Ke5 38.Rc2 Rg8 39.Rh1 g5 40.hxg5 Rxg5 41.Kf1 h4 42.gxh4 Rh7 43.Ke2 Rxh4
44.Rxh4 Nxh4 45.d6 Nf3 46.Rc1 Kxd6 47.Nb5+ Kc6 48.Na7+ Kb7 49.Nb5 Rg1 50.Rxg1 Nxg1+
51.Kf1 Nf3 52.Nd6+ Kc6 53.Nxf5 Nd2+ 54.Ke2 Nxb3 55.Kd1 c4 56.Kc2 Nc5 57.Kc3 Nxa4+
58.Kxc4 Nb2+ 59.Kd4 a4 60.Kxe4 a3 61.Nd4+ Kc5 62.Nc2 a2 63.f4 Kc4 64.f5 Kc3
65.f6 Kxc2 66.f7 a1=Q 67.f8=Q Qh1+ 68.Ke5 Nc4+ 69.Kd4 Qd1+  0-1

[Event "RUS-Cup2"]
[Site "Moscow"]
[Date "1996.??.??"]
[Round "5"]
[White "Kulikov, Alexander O"]
[Black "Kostin, Mikhail Y"]
[Result "0-1"]
[WhiteElo "2295"]
[BlackElo "2185"]

1.Nf3 Nf6 2.d4 e6 3.c4 b6 4.g3 Ba6 5.Qc2 c5 6.Bg2 Bb7 7.dxc5 Bxc5 8.O-O O-O
9.Nc3 Nc6 10.a3 a6 11.Bf4 Be7 12.b4 d6 13.Rfd1 Qc7 14.Rac1 Rac8 15.Qd3 Rfd8
16.Nd5 exd5 17.cxd5 Nxd5 18.Qxd5 Qd7 19.Qh5 g6 20.Qh6 Re8 21.Bxd6 Bxd6 22.Ng5 Ne5
23.Rxc8 Rxc8 24.Qxh7+ Kf8 25.e4 Qg4 26.Qh6+ Ke7 27.f3 Qh5 28.Qxh5 gxh5 29.f4 Nc4
30.e5 Bxg2 31.exd6+ Kd7 32.Nxf7 Bh3 33.a4 Be6 34.Ng5 Bf5 35.b5 a5 36.Rd4 Bg6
37.Nf3 Bc2 38.Rxc4 Rxc4 39.Ne5+ Kxd6 40.Nxc4+ Kc5 41.Na3 Bh7  0-1

[Event "RUS-Cup2"]
[Site "Moscow"]
[Date "1996.??.??"]
[Round "5"]
[White "Koniushkov, Igor"]
[Black "Nikolenko, Oleg"]
[Result "1/2-1/2"]
[WhiteElo "2415"]
[BlackElo "2480"]

1.d4 Nf6 2.c4 e6 3.Nf3 b6 4.g3 Ba6 5.b3 d5 6.cxd5 exd5 7.Bg2 c5 8.O-O Nc6
9.Nc3 Rc8 10.Bg5 Be7 11.Rc1 Ne4 12.Bxe7 Nxe7  1/2-1/2

[Event "Moscow-ch"]
[Site "Moscow"]
[Date "1996.??.??"]
[Round "6"]
[White "Ukolov, Aleksandr"]
[Black "Tunik, Gennady"]
[Result "0-1"]
[WhiteElo "2375"]
[BlackElo "2440"]

1.d4 Nf6 2.c4 e6 3.Nf3 b6 4.g3 Ba6 5.Qa4 Bb7 6.Bg2 c5 7.O-O cxd4 8.Nxd4 Qc8
9.Nc3 Be7 10.Bf4 O-O 11.Rad1 a6 12.Rd3 Bxg2 13.Kxg2 Qb7+ 14.f3 Rc8 15.Rfd1 h6
16.e4 d6 17.Nde2 Ne8 18.e5 Nd7 19.exd6 Bf8 20.Qb4 Nef6 21.Ng1 g5 22.Be3 Ne5
23.c5 Nxd3 24.Rxd3 Qd7 25.cxb6 a5 26.Qd4 Bg7 27.Qa4 Rxc3 28.b7 Rf8 29.Rxc3 Qxa4
30.Rc8 Nd7  0-1

[Event "Moscow-ch"]
[Site "Moscow"]
[Date "1996.??.??"]
[Round "7"]
[White "Ukolov, Aleksandr"]
[Black "Kalinin, Alexander"]
[Result "1/2-1/2"]
[WhiteElo "2375"]
[BlackElo "2430"]

1.d4 Nf6 2.c4 e6 3.Nf3 b6 4.g3 Ba6 5.Nbd2 Bb7 6.Bg2 c5 7.O-O cxd4 8.Nxd4 Bxg2
9.Kxg2 Be7 10.b3 O-O 11.Bb2 Qc7 12.e3 Nc6 13.Qf3 Ne5 14.Qe2 a6 15.f4 Nc6
16.e4 Nxd4 17.Bxd4 d6 18.Qf3 Nd7 19.Rad1 Bf6 20.Nb1 b5 21.cxb5 axb5 22.Rf2 Rfc8
23.Nc3 Qa5 24.e5 dxe5 25.fxe5 Nxe5 26.Bxe5 Bxe5 27.Qxf7+ Kh8 28.Ne4 Qb4  1/2-1/2

[Event "RUS-Cup2"]
[Site "Moscow"]
[Date "1996.??.??"]
[Round "7"]
[White "Koniushkov, Igor"]
[Black "Kiriakov, Petr"]
[Result "1/2-1/2"]
[WhiteElo "2415"]
[BlackElo "2515"]

1.d4 e6 2.c4 Nf6 3.Nf3 b6 4.g3 Ba6 5.b3 d5 6.cxd5 exd5 7.Bg2 c5 8.O-O Nc6
9.Nc3 Be7 10.Bb2 Rc8 11.Rc1 O-O 12.Re1 Re8 13.e3 Bf8 14.Bf1 Bxf1 15.Rxf1 cxd4
16.Nxd4 Ne5 17.Nf3 Ng6 18.Qd3  1/2-1/2

[Event "Muenster op"]
[Site "Muenster"]
[Date "1996.??.??"]
[Round "3"]
[White "Farago, Ivan"]
[Black "Lingnau, Carsten"]
[Result "1/2-1/2"]
[WhiteElo "2515"]
[BlackElo "2380"]

1.d4 Nf6 2.c4 e6 3.Nf3 b6 4.g3 Ba6 5.b3 Bb4+ 6.Bd2 Be7 7.Bg2 c6 8.Bc3 d5
9.Nbd2 Nbd7 10.O-O O-O 11.Qc2 Rc8 12.Qb2 c5 13.Rac1 Bb7 14.Ne5 Qc7 15.dxc5 Nxc5
16.cxd5 exd5 17.Bh3 Rcd8 18.Ng4 d4 19.Bxd4 Qc6 20.Nf3 Nxg4 21.Bxg4 Qe4 22.Bxc5  1/2-1/2

[Event "Muenster op"]
[Site "Muenster"]
[Date "1996.??.??"]
[Round "3"]
[White "Arbakov, Valentin"]
[Black "Sax, Gyula"]
[Result "0-1"]
[WhiteElo "2510"]
[BlackElo "2525"]

1.d4 Nf6 2.c4 e6 3.Nf3 b6 4.g3 Ba6 5.b3 Bb4+ 6.Bd2 Be7 7.Bg2 c6 8.Bc3 d5
9.Nbd2 Nbd7 10.O-O O-O 11.Qc2 Rc8 12.e4 b5 13.e5 Ne8 14.c5 b4 15.Bxb4 Bxf1
16.Bxf1 Rb8 17.Bc3 f6 18.b4 a5 19.a3 Nc7 20.Rc1 axb4 21.axb4 f5 22.Nb3 Nb5
23.Na5 Qc8 24.Bd2 Bd8 25.Ra1 h6 26.h4 Rf7 27.Qd3 Nf8 28.Bh3 Ra7 29.Kh2 Rba8
30.Rg1 Bxa5 31.bxa5 Rxa5 32.Bxa5 Rxa5 33.Rb1 Ra2 34.Qe3 Na3 35.Rc1 Nc4 36.Qe1 Qe8
37.Bf1 Qh5 38.Kg1 Ng6 39.Kh2 f4 40.Bxc4 dxc4 41.Qe4 fxg3+ 42.Kxg3 Ne7 43.Kg2 Nf5
44.Qxc6 Qg6+ 45.Kf1 Ne3+  0-1

[Event "Munich op"]
[Site "Munich"]
[Date "1996.??.??"]
[Round "?"]
[White "Ikonnikov, Vyacheslav"]
[Black "Brauer, Christian"]
[Result "1-0"]
[WhiteElo "2535"]
[BlackElo "2150"]

1.d4 Nf6 2.Nf3 e6 3.c4 b6 4.g3 Ba6 5.Qa4 c5 6.Bg2 Bb7 7.dxc5 Bxc5 8.O-O O-O
9.Nc3 d5 10.cxd5 Nxd5 11.Nxd5 Bxd5 12.Bf4 Qd7 13.Qc2 Rc8 14.Qb1 Qb7 15.Ng5 g6
16.e4 Bc6 17.b4 Bd4 18.b5 e5 19.bxc6 Nxc6 20.Be3 Bxa1 21.Qxa1 Qe7 22.Nf3 f6
23.Rc1 Na5 24.Bh3 Rc4 25.Nd2 Rc7 26.Bh6 Re8 27.Rc3 Qd6 28.Qc1 Ree7 29.Be6+ Kh8
30.Bd5 Rxc3 31.Qxc3 Rc7 32.Qd3 Nc6 33.Qb5 Rc8 34.Qa4 a5 35.Nc4 Qc5 36.Be3 Nd4
37.Qd7 Qc7 38.Qxc7 Rxc7 39.Nxb6 Nc2 40.Bd2 Kg7 41.Bxa5  1-0

[Event "Naantali op"]
[Site "Naantali"]
[Date "1996.??.??"]
[Round "4"]
[White "Tuominen, Risto"]
[Black "Havansi, Erkki ET"]
[Result "1/2-1/2"]
[WhiteElo "2105"]
[BlackElo "2270"]

1.d4 Nf6 2.c4 e6 3.Nf3 b6 4.g3 Ba6 5.Qb3 c5 6.d5 exd5 7.cxd5 c4 8.Qc2 Bb7
9.e4 Qe7 10.Bxc4 Qxe4+ 11.Qxe4+ Nxe4 12.O-O Bc5 13.Nc3 Nxc3 14.Re1+ Kf8 15.bxc3 Na6
16.Ne5 Nb8 17.d6 f6 18.Nf7 Nc6 19.Nxh8 Na5 20.Bd3 Kg8 21.Ng6 hxg6 22.Bxg6 Bxd6
23.Be4 Rc8 24.Bg6 Be5 25.Rb1 Bxc3 26.Rd1 d5 27.Bf5 Re8 28.Bd2 Bxd2 29.Rxd2 Nc4
30.Rdd1 Kf7 31.Bh3 Re2 32.Bf1 Rc2 33.a4 Bc6 34.Rd4 Nd2 35.Rxd2 Rxd2 36.Rc1 Bxa4
37.Rc7+ Kg6 38.Rxa7 Bd1 39.Ra1 Bf3 40.Ra3 Be4 41.f3 Bf5 42.Rb3 Rd1 43.Kf2 Rb1
44.Ra3 d4 45.g4 Bc2 46.Bd3+ Bxd3 47.Rxd3 Rb4 48.Kg3 b5 49.Kf4 Rc4 50.Ke4 Kg5
51.f4+ Kxg4  1/2-1/2

[Event "JUG-chT"]
[Site "Niksic"]
[Date "1996.??.??"]
[Round "?"]
[White "Tesic, Dragan"]
[Black "Ostojic, Nikola"]
[Result "1/2-1/2"]
[WhiteElo "2370"]
[BlackElo "2450"]

1.d4 Nf6 2.Nf3 e6 3.c4 b6 4.g3 Ba6 5.b3 Bb4+ 6.Bd2 Be7 7.Bg2 d5 8.cxd5 exd5
9.Nc3 Bb7 10.O-O O-O 11.Rc1 Na6 12.Qc2 Qd7 13.Ne5 Qe6 14.Nd3 Rfd8 15.Bg5 c6
16.e3 h6 17.Bxf6 Qxf6 18.Qb2 Qd6 19.Rfd1 Bf8 20.Rb1 Nc7 21.b4 Ba6 22.a4 Bc4
23.b5 cxb5 24.axb5 a6 25.bxa6 Rxa6 26.Ne5 b5 27.Nxc4 bxc4 28.Qb7 Rda8 29.h4 R8a7
30.Qc8 Ra8 31.Qf5 Qe6 32.Qf3 Rd8 33.Kh2 Qc6 34.Qf5 g6 35.Qc2 h5 36.e4 dxe4
37.d5 Qe8 38.Rb7 Qe5 39.Nxe4 Rxd5 40.Rxd5 Nxd5 41.Qxc4 Rb6 42.Rd7 Ne7 43.Ng5 Rf6
44.f4 Qa5 45.Qe2 Qa3 46.Qe5 Nf5 47.Bf3 Rc6 48.Qd5 Qb2+ 49.Qd2 Qxd2+ 50.Rxd2 Rd6
51.Rxd6 Nxd6 52.Bd5  1/2-1/2

[Event "JUG-chT"]
[Site "Niksic"]
[Date "1996.??.??"]
[Round "?"]
[White "Simic, Radoslav"]
[Black "Raicevic, Vladimir"]
[Result "1/2-1/2"]
[WhiteElo "2450"]
[BlackElo "2455"]

1.d4 Nf6 2.Nf3 e6 3.c4 b6 4.g3 Ba6 5.b3 Bb7 6.Bg2 Bb4+ 7.Bd2 Qe7 8.O-O Bxd2
9.Qxd2 a5 10.Nc3 Ne4 11.Nxe4 Bxe4 12.Qf4 Bxf3 13.Bxf3 Ra7 14.a3 O-O 15.Qd2 d6
16.Rfd1 Rd8 17.b4 axb4 18.axb4 Rxa1 19.Rxa1  1/2-1/2

[Event "JUG-ch op"]
[Site "Nis"]
[Date "1996.??.??"]
[Round "8"]
[White "Sahovic, Dragutin"]
[Black "Romanishin, Oleg M"]
[Result "0-1"]
[WhiteElo "2405"]
[BlackElo "2590"]

1.d4 Nf6 2.c4 e6 3.Nf3 b6 4.g3 Ba6 5.b3 Bb7 6.Bg2 Bb4+ 7.Bd2 Be7 8.O-O O-O
9.Bc3 c5 10.dxc5 bxc5 11.Nbd2 d5 12.cxd5 exd5 13.Nh4 g6 14.Rc1 Na6 15.Nc4 Rb8
16.Ne5 d4 17.Bxb7 Rxb7 18.Nc6 Qb6 19.Nxe7+ Rxe7 20.Bb2 Nb4 21.Ra1 Nbd5 22.Qd2 Ne4
23.Qh6 Re6 24.Nf3 f5 25.Qh3 Rfe8 26.Rae1 Qa6 27.a3 Qb7 28.b4 a5 29.e3 d3
30.g4 fxg4 31.Qxg4 axb4 32.Ng5 Nxg5 33.Qxg5 d2 34.Rb1 c4 35.Bd4 c3 36.axb4 c2
37.Rbd1 cxd1=Q 38.Rxd1 Qc6 39.Bc5 Nc3 40.Rxd2 Ne4  0-1

[Event "Nova Gorica"]
[Site "Nova Gorica"]
[Date "1996.??.??"]
[Round "3"]
[White "Kragelj, Igor"]
[Black "Gostisa, Leon"]
[Result "1/2-1/2"]
[WhiteElo "2195"]
[BlackElo "2425"]

1.d4 Nf6 2.c4 e6 3.Nf3 b6 4.g3 Ba6 5.b3 Bb4+ 6.Bd2 Be7 7.Bg2 c6 8.Bc3 d5
9.Ne5 Nfd7 10.Nxd7 Nxd7 11.Nd2 O-O 12.O-O b5 13.Re1 Rc8 14.e4 dxe4 15.Bxe4 Nb6
16.c5 Nd5 17.Bb2 Re8 18.Qc2 h6 19.a3 Rc7 20.Nf3 Bc8 21.Rad1 f5 22.Bd3 Bf6
23.Bf1 Bd7 24.Ne5 Re7 25.Ng6 Rf7 26.Ne5 Re7 27.Ng6 Rf7 28.Ne5 Re7  1/2-1/2

[Event "Oberwart op"]
[Site "Oberwart"]
[Date "1996.??.??"]
[Round "1"]
[White "Nickel, Arno"]
[Black "Sadler, Matthew"]
[Result "0-1"]
[WhiteElo "2075"]
[BlackElo "2615"]

1.Nf3 Nf6 2.c4 e6 3.d4 b6 4.g3 Ba6 5.b3 Bb4+ 6.Bd2 Be7 7.Bg2 c6 8.O-O d5
9.Ne5 Nfd7 10.Nxd7 Nxd7 11.Qc2 O-O 12.e4 dxc4 13.bxc4 e5 14.Be3 Bf6 15.Rd1 exd4
16.Bxd4 Bxd4 17.Rxd4 Qf6 18.Qc3 Rad8 19.Na3 Nc5 20.Nc2 Ne6 21.Rd3 Rxd3 22.Qxd3 Rd8
23.Qe2 Qc3 24.Rd1 Bxc4 25.Rxd8+ Nxd8 26.Qd1 Qd3 27.Qc1 c5 28.a4 Nc6 29.Ne3 Be6
30.h4 Nd4 31.Qb2 Qb3 32.Qd2 Qxa4 33.Nd5 Qc2 34.Qg5 Qc1+  0-1

[Event "RUS-chT"]
[Site "Orel"]
[Date "1996.??.??"]
[Round "?"]
[White "Tunik, Gennady"]
[Black "Akhmadeev, Vadim"]
[Result "1-0"]
[WhiteElo "2475"]
[BlackElo "2425"]

1.d4 Nf6 2.c4 e6 3.Nf3 b6 4.g3 Ba6 5.b3 Bb4+ 6.Bd2 Be7 7.Nc3 d5 8.cxd5 exd5
9.Bg2 O-O 10.O-O Bb7 11.Qc2 Na6 12.Rad1 c6 13.Bc1 Re8 14.a3 Nc7 15.b4 Bf8
16.Qb3 Ne6 17.Ng5 Nxg5 18.Bxg5 h6 19.Bxf6 Qxf6 20.b5 Rad8 21.e3 Qd6 22.a4 Qb4
23.Rb1 Qxb3 24.Rxb3 Rd7 25.bxc6 Bxc6 26.Ra1 Be7 27.Bf1 Kf8 28.a5 Rb8 29.axb6 Rxb6
30.Rxb6 axb6 31.Rb1 Bd8 32.Bb5 Bxb5 33.Rxb5 Ke8 34.Nxd5 Rb7 35.Kf1 Kd7 36.Ke2 Kc6
37.Nc3 Ra7  1-0

[Event "ESP-chT"]
[Site "Oropesa del Mar"]
[Date "1996.??.??"]
[Round "3"]
[White "Cisneros, Lucas"]
[Black "Gomez Esteban, Juan Mario"]
[Result "0-1"]
[WhiteElo "2305"]
[BlackElo "2495"]

1.d4 Nf6 2.c4 e6 3.Nf3 b6 4.g3 Ba6 5.Qa4 Bb7 6.Bg2 c5 7.dxc5 bxc5 8.Nc3 Be7
9.O-O O-O 10.Rd1 Qc8 11.Bf4 d5 12.cxd5 exd5 13.e3 Nbd7 14.Rac1 Rd8 15.Qc2 Nb6
16.Na4 Nxa4 17.Qxa4 Qe6 18.h4 h6 19.Be5 Ne4 20.Bc7 Rdc8 21.Ba5 Bf6 22.Be1 Bxb2
23.Rb1 Bc6 24.Qc2 Bf6 25.Kh2 g5 26.hxg5 hxg5 27.Ng1 Kg7 28.Ne2 d4 29.exd4 Nxf2
30.d5 Ng4+ 31.Kh1 Rh8+  0-1

[Event "ESP-chT"]
[Site "Oropesa del Mar"]
[Date "1996.??.??"]
[Round "6"]
[White "Bellon Lopez, Juan Manuel"]
[Black "Gomez Esteban, Juan Mario"]
[Result "1-0"]
[WhiteElo "2490"]
[BlackElo "2495"]

1.d4 Nf6 2.Nf3 e6 3.c4 b6 4.g3 Ba6 5.Nbd2 Bb7 6.Bg2 c5 7.e4 cxd4 8.O-O Bc5
9.e5 Ng4 10.b4 Bxb4 11.Nxd4 Bxg2 12.Qxg4 Bxf1 13.Qxg7 Rf8 14.Ne4 Bxc4 15.Nf6+ Qxf6
16.exf6 Na6 17.Bh6 O-O-O 18.Rc1 b5 19.Qg5 d5 20.Bxf8 Rxf8 21.Nxb5 Kd7 22.Nd4 Nc5
23.Rxc4 dxc4 24.Nc2  1-0

[Event "Komercni Banka op"]
[Site "Pardubice"]
[Date "1996.??.??"]
[Round "1"]
[White "Surjadnji, Aleksej"]
[Black "Sax, Gyula"]
[Result "0-1"]
[WhiteElo "2285"]
[BlackElo "2525"]

1.d4 Nf6 2.Nf3 e6 3.c4 b6 4.g3 Ba6 5.Qa4 Bb7 6.Bg2 c5 7.O-O cxd4 8.Nxd4 Bxg2
9.Kxg2 Qc7 10.Rd1 Be7 11.f3 O-O 12.Bf4 Qb7 13.Nb5 Rc8 14.N1c3 Ne8 15.Ne4 Qc6
16.Rac1 a6 17.Nbc3 Ra7 18.Qxc6 Nxc6 19.Nd6 Nxd6 20.Bxd6 Kf8 21.Na4 Rb7 22.c5 Bxd6
23.cxd6 f6 24.f4 Kf7 25.Kf3 e5 26.f5 g6 27.g4 gxf5 28.gxf5 Rbb8 29.e3 Rg8
30.Rg1 Rxg1 31.Rxg1 Na7 32.Rc1 Nc8 33.Rd1 Ke8 34.Nc3 Kf7 35.a4 Na7 36.Nd5 b5
37.a5 b4 38.Nb6 Nc6 39.Ke4 Rb7 40.Nc4 Rb5 41.Rd5 Rb7 42.b3 Rb5 43.Rxb5 axb5
44.Nb6 Nxa5 45.Nxd7 Nxb3 46.Kd5 Na5 47.Nc5 b3 48.Nd3 e4 49.Nb2 Ke8 50.Ke6 Nc4
51.Nd1 Nxe3 52.Nc3 b2 53.Kxf6 Nxf5 54.Kxf5 e3  0-1

[Event "Komercni Banka op"]
[Site "Pardubice"]
[Date "1996.??.??"]
[Round "2"]
[White "Ellers, Holger"]
[Black "Tunik, Gennady"]
[Result "0-1"]
[WhiteElo "2305"]
[BlackElo "2440"]

1.d4 Nf6 2.c4 e6 3.Nf3 b6 4.g3 Ba6 5.Qa4 Bb7 6.Bg2 c5 7.dxc5 Bxc5 8.O-O Be7
9.Nc3 Na6 10.Be3 Qc8 11.Rac1 Nc5 12.Qc2 Nce4 13.Bd4 O-O 14.Rfd1 d6 15.b3 Qb8
16.a4 Rc8 17.Qb2 h6 18.Ne1 Nc5 19.Bxb7 Qxb7 20.Nb5 Ne8 21.Nf3 Ne4 22.Nc3 Nxc3
23.Bxc3 Rc7 24.Nd4 Rac8 25.Rd3 a6 26.Rcd1 Nf6 27.Bb4 Ne4 28.f3 Nc5 29.Bxc5 bxc5
30.Nc2 Rb8 31.e4 Qc6 32.Qc3 Rcb7 33.Rb1 Rb6 34.Kg2 Qc7 35.Qd2 R8b7 36.Qe3 Bg5
37.f4 Bf6 38.Qf3 Rb8 39.Qe3 g6 40.Qf3 Bg7 41.f5 Qe7 42.Rf1 Be5 43.f6 Qf8
44.Qe3 Kh7 45.g4 g5 46.Qh3 Qg8 47.Qf3 Qg6 48.h4 gxh4 49.Kh3 Qg5 50.Ne1 Rg8
51.Ng2 Bg3 52.Nf4 Qe5 53.Nh5 a5 54.Nxg3 hxg3 55.Qxg3 Qxe4 56.Re1 Qg6 57.Rg1 Qg5
58.Rxd6 Rxd6 59.Qxd6 h5 60.Qd3+ Rg6 61.Qe4 hxg4+ 62.Kg3 Qxf6 63.Rh1+ Kg7
64.Qa8 Qf3+ 65.Qxf3 gxf3+ 66.Kxf3 f5 67.Rd1 Kf6 68.Rd6 Rh6 69.Rc6 Rh3+ 70.Kg2 Rxb3
71.Rxc5 Rb4 72.Rxa5 Rxc4 73.Ra8 Ke5 74.a5 Ra4 75.a6 Kf4 76.a7 e5 77.Kf1 e4
78.Ke2 Ra2+ 79.Kd1 e3  0-1

[Event "Komercni Banka op"]
[Site "Pardubice"]
[Date "1996.??.??"]
[Round "3"]
[White "Nalbandian, Tigran"]
[Black "Pliester, Leon"]
[Result "0-1"]
[WhiteElo "2490"]
[BlackElo "2350"]

1.d4 e6 2.Nf3 Nf6 3.c4 b6 4.g3 Ba6 5.Qa4 Bb7 6.Bg2 c5 7.O-O cxd4 8.Nxd4 Bxg2
9.Kxg2 Qc8 10.Bf4 Nh5 11.Be3 Bc5 12.Nc3 O-O 13.Rfd1 f5 14.f3 f4 15.Bf2 fxg3
16.hxg3 Nf6 17.Rac1 a5 18.Qc2 Na6 19.a3 Qb7 20.e4 Rac8 21.Qe2 Rf7 22.Ndb5 Ne8
23.b3 Qb8 24.Na4 Bxf2 25.Qxf2 Nc5 26.Nxc5 Rxc5 27.Qe3 h6 28.f4 g5 29.Rf1 gxf4
30.Rxf4 Rxf4 31.gxf4 Qd8 32.Rh1 Qf6 33.e5 Qg6+ 34.Kf3 Kh7 35.a4 Ng7 36.Nd6 Nf5
37.Nxf5 exf5 38.Kf2 Rc6 39.Qd3 Qf7 40.Rd1 Rc7 41.Qd6 Qh5 42.Qe7+ Kh8 43.Qf8+ Kh7
44.Qe7+ Kh8 45.Qd8+ Kh7 46.Rxd7+ Rxd7 47.Qxd7+ Kh8 48.Ke3 Qg4 49.Qe8+ Kh7
50.Qe7+ Kh8 51.Qf6+ Kh7 52.Qe7+ Kh8 53.Qf8+ Kh7 54.Qf7+ Kh8 55.Qe8+ Kh7 56.Qd7+ Kh8
57.Qc8+ Kh7 58.Qc7+ Kh8 59.Qb8+ Kh7 60.Qa7+ Kh8 61.Qa8+ Kh7 62.Qf3 h5 63.Qb7+ Kh8
64.c5 Qg1+ 65.Ke2 Qg4+ 66.Ke3 Qg1+ 67.Ke2 Qg4+ 68.Qf3 bxc5 69.Kf2 h4 70.e6 Qxf3+
71.Kxf3 Kg7 72.Kg2 Kf6 73.Kh3 Kxe6 74.Kxh4 Kd5 75.Kh5 Kd4 76.Kg6 Kc3 77.Kxf5 Kxb3
78.Ke4 c4 79.f5 c3 80.f6 c2 81.f7 c1=Q 82.f8=Q Qc4+ 83.Ke3 Kxa4 84.Qe8+ Kb3
85.Qb8+ Ka3 86.Qf8+ Qb4 87.Qg7 Qb3+ 88.Kf4 Qc4+ 89.Kf5 Qd3+ 90.Ke6 Qe4+ 91.Kd6 a4
92.Qc3+ Ka2 93.Qd2+ Kb3 94.Qd1+ Qc2 95.Qd5+ Qc4 96.Qd1+ Kb2 97.Qd2+ Ka3 98.Kd7 Kb3
99.Qd1+ Qc2 100.Qd5+ Kb2 101.Qd4+ Ka2 102.Qd5+ Kb1 103.Qb5+ Ka2 104.Ke8 a3
105.Kf8 Qb3 106.Qe2+ Qb2 107.Qd3 Qb8+ 108.Kg7 Qb7+ 109.Kf8 Qb4+ 110.Kg7 Kb2
111.Qe2+ Kc3 112.Qe1+ Kb3 113.Qd1+ Kc4 114.Qg4+ Kc5 115.Qg5+ Kb6 116.Qd8+ Ka7
117.Kh6 Qb6+  0-1

[Event "Komercni Banka op"]
[Site "Pardubice"]
[Date "1996.??.??"]
[Round "6"]
[White "Lobach, Pavel V"]
[Black "Evseev, Denis"]
[Result "1/2-1/2"]
[WhiteElo "2275"]
[BlackElo "2395"]

1.d4 Nf6 2.c4 e6 3.Nf3 b6 4.g3 Ba6 5.b3 d5 6.Bg2 dxc4 7.Ne5 Bb4+ 8.Kf1 Nfd7
9.Nxc4 c6 10.Ba3 Bxa3 11.Nbxa3 O-O 12.Bf3 Qe7 13.Nc2 Bxc4 14.bxc4 e5 15.e3 e4
16.Be2 c5 17.f3 Nc6 18.fxe4 Qxe4 19.Bf3 Qg6 20.Kg2 Rad8 21.Bd5 Na5 22.e4 Nf6
23.Re1 b5 24.dxc5 Nxc4 25.Ne3 Qg5 26.Nxc4 bxc4 27.Qc1 Qxc1 28.Raxc1 Nxd5
29.exd5 Rxd5 30.Rxc4 Rc8 31.c6 Kf8 32.c7 Rd7 33.Rec1 Ke8 34.a4 Re7 35.a5 Kd7
36.Rd1+ Ke8 37.Rdc1 Kd7 38.Rd1+ Ke8 39.Rdc1 Kd7 40.Rd1+ Ke8  1/2-1/2

[Event "Komercni Banka op"]
[Site "Pardubice"]
[Date "1996.??.??"]
[Round "7"]
[White "Tunik, Gennady"]
[Black "Ivanov, Timur"]
[Result "1/2-1/2"]
[WhiteElo "2440"]
[BlackElo "2370"]

1.d4 Nf6 2.c4 e6 3.Nf3 b6 4.g3 Ba6 5.b3 b5 6.cxb5 Bxb5 7.Bg2 Bc6 8.O-O a5
9.Bg5 Be7 10.Bxf6 Bxf6 11.Nc3 d5 12.Qc2 O-O 13.Rfd1 Ra6 14.Rac1 Qd6 15.Bf1 Rb6
16.e4 dxe4 17.Nxe4 Bxe4 18.Qxe4 Rd8 19.Ne5 Bxe5 20.dxe5 Qxd1 21.Rxd1 Rxd1
22.Qc2 Rd7 23.Qc5 Nc6 24.Bc4 g6 25.Kg2 Kg7 26.h4 h5 27.a4 Kg8 28.Bb5 Rd5
29.Qc3 Nb4 30.Be8 c6 31.Qf3 Rb7 32.Qf6 Rc7 33.Bxf7+ Rxf7 34.Qxg6+ Kf8 35.Qxe6 Nd3
36.f4 Kg7 37.Qxc6 Rc5 38.Qe8 Rc2+ 39.Kf3 Rc3 40.Ke2 Nc1+ 41.Kd2 Rfc7 42.f5 Rd3+
43.Ke1 Rc2 44.Qe7+  1/2-1/2

[Event "Komercni Banka op"]
[Site "Pardubice"]
[Date "1996.??.??"]
[Round "7"]
[White "Nalbandian, Tigran"]
[Black "Lipka, Juraj"]
[Result "1-0"]
[WhiteElo "2490"]
[BlackElo "2340"]

1.d4 e6 2.Nf3 Nf6 3.c4 b6 4.g3 Ba6 5.Qa4 c6 6.Bg2 b5 7.cxb5 cxb5 8.Qd1 Be7
9.Ne5 d5 10.O-O O-O 11.a3 Nfd7 12.e4 Nxe5 13.exd5 Nc4 14.d6 Qxd6 15.Bf4 Qd7
16.Bxa8 Nc6 17.Bxc6 Qxc6 18.Nd2 Bb7 19.f3 Rd8 20.b3 g5 21.bxc4 gxf4 22.d5 Qc5+
23.Rf2 fxg3 24.hxg3 exd5 25.cxb5 Bf6 26.Rc1 Qxb5 27.Qb3 Qd7 28.Qd3 Kh8 29.Rh2 Kg8
30.Nb3 Qd6 31.Nd4 Qb6 32.Rd1 Rc8 33.Qxh7+ Kf8 34.Rhd2 Rc3 35.Kg2 Rxa3 36.Rb1 Bxd4
37.Rxb6 Bxb6 38.Re2 Bd4 39.Qh6+ Bg7 40.Qd6+  1-0

[Event "Paris op"]
[Site "Paris"]
[Date "1996.??.??"]
[Round "6"]
[White "Ikonnikov, Vyacheslav"]
[Black "Palac, Mladen"]
[Result "1/2-1/2"]
[WhiteElo "2535"]
[BlackElo "2545"]

1.d4 Nf6 2.Nf3 e6 3.c4 b6 4.g3 Ba6 5.Qa4 Bb7 6.Bg2 c5 7.dxc5 bxc5 8.Nc3 Be7
9.O-O O-O 10.Bf4 Qb6 11.Rad1 Rd8 12.Rd2 d5 13.cxd5 exd5 14.e3 Na6 15.Rfd1 h6
16.Be5 Nb4 17.Bxf6 Qxf6 18.Ne1 Bc6 19.Qa5 d4 20.Ne4 dxe3 21.fxe3 Bxe4 22.Bxe4 Rxd2
23.Rxd2 Rf8 24.Qxa7 Qe6 25.Qd7 Qxa2 26.Bg2  1/2-1/2

[Event "Paris op"]
[Site "Paris"]
[Date "1996.??.??"]
[Round "8"]
[White "Luce, Sebastien"]
[Black "Sellos, Didier"]
[Result "0-1"]
[WhiteElo "2405"]
[BlackElo "2455"]

1.d4 Nf6 2.c4 e6 3.Nf3 b6 4.g3 Ba6 5.b3 Bb4+ 6.Bd2 Be7 7.Nc3 d5 8.cxd5 exd5
9.Bg2 O-O 10.O-O Re8 11.Ne5 c6 12.Bf4 Bb7 13.Qc2 Nbd7 14.Rad1 Nf8 15.Bh3 Ne6
16.Bf5 Bf8 17.Be3 Rc8 18.Ng4 g6 19.Bxe6 Rxe6 20.Bg5 Be7 21.Nxf6+ Bxf6 22.Bxf6 Qxf6
23.Qd3 Rce8 24.b4 h5 25.h3 h4 26.a4 Qe7 27.b5 c5 28.g4 cxd4 29.Qxd4 Re5 30.Rd3 Rc8
31.f4 Re6 32.f5 Re5 33.fxg6 fxg6 34.Rdf3 Re8 35.Rf6 Re6 36.Nxd5 Qd6 37.Qf4 Qxf4  0-1

[Event "USA-ch (Women)"]
[Site "Parsippany"]
[Date "1996.??.??"]
[Round "8"]
[White "Belakovskaia, Anjelina"]
[Black "Epstein, Esther"]
[Result "1/2-1/2"]
[WhiteElo "2350"]
[BlackElo "2245"]

1.d4 Nf6 2.c4 e6 3.Nf3 b6 4.g3 Ba6 5.b3 Bb4+ 6.Bd2 Be7 7.Bg2 c6 8.Bc3 O-O
9.Nbd2 d5 10.Ne5 Nfd7 11.Nd3 Bb7 12.e4 Na6 13.O-O Rc8 14.Qe2 Nc7 15.Bb4 Bxb4
16.Nxb4 c5 17.dxc5 Nxc5 18.exd5 exd5 19.Rad1 Re8 20.Qh5 d4 21.Bxb7 Nxb7 22.Nf3 Ne6
23.Nd5 Nbc5 24.Nxd4 Qg5 25.Qxg5 Nxg5 26.Nf5 Rb8 27.h4 Nge4 28.f3 Nf6 29.Nxf6+ gxf6
30.Rfe1 Re6 31.Kf1 a5 32.Nd4 Rxe1+ 33.Kxe1 Kg7 34.Kd2 Kg6 35.Re1 Rd8 36.Kc3 Rd7
37.Re3 f5 38.Re8 f6 39.Rg8+ Kf7 40.Rb8 Rd6 41.Rc8 f4 42.Rc7+ Kg6 43.h5+ Kxh5
44.g4+ Kg6 45.Nf5 Rd3+ 46.Kc2 Rd7 47.Rxd7 Nxd7 48.Nd4 Ne5 49.Kd2 h5 50.gxh5+ Kxh5
51.Ke2 Kg6 52.Ne6 Kf5 53.Nd4+ Kg6 54.Ne6 Kf5  1/2-1/2

[Event "POL-ch"]
[Site "Poland"]
[Date "1996.??.??"]
[Round "3"]
[White "Kempinski, Robert"]
[Black "Bobras, Piotr"]
[Result "1/2-1/2"]
[WhiteElo "2475"]
[BlackElo "2355"]

1.d4 Nf6 2.Nf3 e6 3.c4 b6 4.g3 Ba6 5.b3 b5 6.Nbd2 Bb4 7.Qc2 d5 8.cxd5 exd5
9.Bg2 O-O 10.O-O Bb7 11.a4 bxa4 12.Rxa4 Qe7 13.Ne5 a5 14.Ndf3 Ne4 15.Bb2 Bd6
16.Rfa1 f6 17.Ng4 Nc6 18.Ne3 Qe6 19.Nd2 f5 20.Bc3 Nb4 21.Bxb4 axb4 22.Rxa8 Bxa8
23.Bh3 Qf6  1/2-1/2

[Event "POL-ch"]
[Site "Poland"]
[Date "1996.??.??"]
[Round "12"]
[White "Czerwonski, Aleksander"]
[Black "Bobras, Piotr"]
[Result "1-0"]
[WhiteElo "2400"]
[BlackElo "2355"]

1.d4 Nf6 2.c4 e6 3.Nf3 b6 4.g3 Ba6 5.Nbd2 Bb7 6.Bg2 c5 7.d5 exd5 8.Nh4 g6
9.cxd5 Bg7 10.e4 O-O 11.O-O d6 12.Qc2 Na6 13.a3 b5 14.Rb1 c4 15.b4 Nc7 16.Bb2 Nce8
17.Ndf3 Nd7 18.Nd4 Qb6 19.Nhf3 Ne5 20.Nxe5 dxe5 21.Nf3 f6 22.Bc1 Nd6 23.Be3 Qc7
24.h4 Bc8 25.h5 g5 26.Nh2 h6 27.Bc5 Rd8 28.Qe2 f5 29.Bxd6 Qxd6 30.exf5 Bxf5
31.Rbd1 a5 32.Be4 Bxe4 33.Qxe4 axb4 34.axb4 Ra4 35.Ng4 Rxb4 36.Rb1 Rb3 37.Rxb3 cxb3
38.Rb1 Ra8 39.Ne3 Ra4 40.Qd3 b2 41.Rxb2 Ra1+ 42.Rb1 Rxb1+ 43.Qxb1 b4 44.Nf5 Qb6
45.Qb3  1-0

[Event "Portoroz"]
[Site "Portoroz"]
[Date "1996.??.??"]
[Round "?"]
[White "Novikov, Igor A"]
[Black "Tukmakov, Vladimir B"]
[Result "1/2-1/2"]
[WhiteElo "2590"]
[BlackElo "2595"]

1.d4 Nf6 2.c4 e6 3.Nf3 b6 4.g3 Ba6 5.b3 Bb7 6.Bg2 Bb4+ 7.Bd2 a5 8.O-O O-O
9.Bc3 Be7 10.Bb2 a4 11.bxa4 Bb4 12.Qb3 Qe7 13.Ne5 Bxg2 14.Kxg2 Nc6 15.Nd3 Rfe8
16.e3 Bd6 17.Rc1 Na5 18.Qc2 c5 19.Nd2 Rec8 20.Rab1 cxd4 21.exd4 Nd5 22.Qd1 Nb4
23.Nxb4 Bxb4 24.Bc3 Ba3 25.Bxa5 Rxa5 26.Rc2 Bb4 27.Rcb2 Bxd2 28.Qxd2 Rxa4
29.c5 bxc5  1/2-1/2

[Event "Regensburg op"]
[Site "Regensburg"]
[Date "1996.??.??"]
[Round "7"]
[White "Inkiov, Ventzislav"]
[Black "Farago, Ivan"]
[Result "1/2-1/2"]
[WhiteElo "2500"]
[BlackElo "2525"]

1.d4 Nf6 2.c4 e6 3.Nf3 b6 4.g3 Ba6 5.Qa4 Bb7 6.Bg2 c5 7.O-O Be7 8.Nc3 O-O
9.Rd1 Bc6 10.Qc2 cxd4 11.Rxd4 d6 12.Bf4 Qc7 13.Rd2 Rc8 14.Rad1 e5 15.Bg5 Nbd7
16.Bh3 Rd8 17.Bxd7 Rxd7 18.Bxf6 Bxf6 19.Nd5 Qd8 20.Qf5 Rc8 21.b3 b5 22.Nxf6+ Qxf6
23.Qxf6 gxf6 24.Rxd6 Rxd6 25.Rxd6 bxc4 26.bxc4 Bxf3 27.exf3 Rxc4 28.Ra6 Rc7
29.Rxf6 Kg7 30.Ra6 f6 31.g4 Kg6 32.h4 h6 33.Kg2 Rd7 34.f4 exf4 35.Kf3 Rd2
36.a4 Ra2 37.a5 Ra4 38.Rxa7 h5 39.gxh5+ Kxh5 40.a6 Kxh4 41.Rh7+ Kg5 42.a7 Kf5
43.Re7 Ra3+ 44.Kg2 Ra2 45.Rg7 Ke4 46.Rc7 Kf5 47.Kf3 Ra3+ 48.Ke2 Ra2+ 49.Kf3  1/2-1/2